000 00813nam a2200229 a 4500
001 39779
003 BD-RjUL
005 20211209053045.0
008 160418b2013 a|||e |||| 00| 0 d
020 _a984701505573
_c: TK.252.50
035 _a(BD-RjUL)39892
040 _aBD-RjUL
_bben
_cBD-RjUL
041 _aben
082 _223
_bMOA 2013
_a070.49
100 _aমহসীন, এ.কে.এম.
_9122552
245 1 0 _aআধুনিক ফটোসাংবাদিকতার কলা-কৌশল /
_cএ.কে.এম. মহসীন
260 _aঢাকা :
_bঅনন্যা,
_c২০১৩
300 _a২০৮ পৃ. :
_bচিত্র ;
_c২২ সেমি.
650 _aফটোসাংবাদিকতা
_9122553
650 _aPhotojournalism
_9122554
942 _2ddc
_cBK
999 _c39779
_d39779